Highest Grossing Indonesian Movies - Statistics

General Stats
  • This quiz has been taken 55 times
  • The average score is 14 of 50
Answer Stats
Year Num Ticket Movie % Correct
2022 10,061,033 KKN di Desa Penari
82%
2017 4,206,103 Satan's Slaves
67%
2002 2,700,000 Ada Apa dengan Cinta?
64%
2018 6,315,664 Dilan 1990
60%
2019 5,253,411 Dilan 1991
56%
2008 4,719,453 Laskar Pelangi
53%
2012 4,601,249 Habibie & Ainun
47%
2022 6,391,982 Satan's Slaves 2: Communion
47%
2016 2,642,957 Cek Toko Sebelah
42%
2016 3,665,509 Ada Apa dengan Cinta? 2
40%
2012 2,402,170 5 cm
36%
2008 3,676,135 Ayat-ayat Cinta
36%
2020 3,157,817 Milea: Suara dari Dilan
36%
2022 5,860,917 Miracle in Cell No. 7
36%
2012 1,844,817 The Raid: Redemption
36%
2019 2,538,473 Dua Garis Biru
33%
2018 3,052,657 My Stupid Boss
33%
2019 2,662,356 Imperfect: Karier, Cinta & Timbangan
29%
2022 2,793,775 Ivanna
29%
2017 2,172,512 Susah Sinyal
29%
2018 2,572,871 Danur 2: Maddah
27%
2019 1,795,068 Impetigore
27%
2022 2,886,121 Ngeri-Ngeri Sedap
27%
2023 4,886,406 Sewu Dino
27%
2011 2,416,691 Danur 3: Sunyaruri
24%
2003 2,632,300 Eiffel... I'm in Love
24%
2016 1,863,541 Koala Kumal
24%
2022 2,350,741 Mencuri Raden Saleh
24%
2017 2,736,391 Danur: I Can See Ghosts
22%
2020 2,256,908 Nanti Kita Cerita tentang Hari Ini
22%
2023 2,409,112 Waktu Maghrib
20%
2016 6,858,616 Warkop DKI Reborn: Jangkrik Boss! Part 1
20%
2016 2,005,660 Rudy Habibie (Habibie & Ainun 2)
18%
2016 2,620,644 Hangout
18%
2017 2,550,271 Jailangkung
16%
2019 1,876,052 My Stupid Boss 2
16%
2019 2,242,782 Habibie & Ainun 3
13%
2017 4,083,190 Warkop DKI Reborn: Jangkrik Boss! Part 2
13%
2017 2,840,159 Ayat-Ayat Cinta 2
11%
2022 1,761,237 Qodrat
11%
2022 2,426,084 Sayap-Sayap Patah
11%
2018 1,757,653 Si Doel the Movie
11%
2009 2,012,025 Ketika Cinta Bertasbih
9%
2005 2,000,000 Apa Artinya Cinta?
7%
2022 2,220,180 Kukira Kau Rumah
7%
2021 1,764,372 Makmum 2
7%
2022 1,764,077 The Doll 3
7%
2016 1,835,644 Comic 8: Casino Kings Part 2
4%
2009 2,005,660 Sang Pemimpi
4%
2018 3,346,185 Suzzanna: Bernapas dalam Kubur
4%
No matching quizzes found
Score Distribution
Percent of People with Each Score
Percentile by Number Answered
Your Score History
You have not taken this quiz